Los colores y las sombras según la ciencia : (Record no. 210520)
[ view plain ]
| 000 -CABECERA | |
|---|---|
| campo de control de longitud fija | 01364nam a2200253 a 4500 |
| 005 - FECHA Y HORA DE LA ÚLTIMA TRANSACCIÓN | |
| campo de control | 20231128063705.0 |
| 008 - DATOS DE LONGITUD FIJA--INFORMACIÓN GENERAL | |
| campo de control de longitud fija | 231018s2012 mx a||||r|||| 000 0 spa d |
| 020 ## - NÚMERO INTERNACIONAL NORMALIZADO PARA LIBROS | |
| Número Internacional Normalizado del libro | 9786078279098 |
| 040 ## - FUENTE DE CATALOGACIÓN | |
| Agencia de catalogación original | MX-MxUPN |
| Idioma de catalogación | spa |
| Agencia que realiza la transcripción | MX-MxUPN |
| 041 0# - | |
| -- | spa |
| 050 14 - | |
| -- | LB1585 M63 |
| -- | C65 2012 |
| 245 14 - MENCIÓN DE TÍTULO | |
| Título | Los colores y las sombras según la ciencia : |
| Parte restante del título | cuaderno del alumno : primaria ciclo II (3° y 4°) : educación primaria indígena y de la población migrante |
| 246 13 - FORMA VARIANTE DE TÍTULO | |
| Título propio/Título breve | Cuaderno de ciencias, tecnologías y narrativas de las culturas indígenas y migrantes : |
| Resto del título | cuaderno del alumno : primaria ciclo II (3° y 4°) : educación primaria indígena y de la población migrante |
| 250 ## - MENCIÓN DE EDICIÓN | |
| Mención de edición | Primera edición. |
| 260 ## - PUBLICACION, DISTRIBUCION, ETC. (PIE DE IMPRENTA) | |
| Lugar de publicación, distribución, etc. | México, D.F. : |
| Nombre del editor, distribuidor, etc. | Secretaría de Educación Pública, Dirección General de Educación Indígena, |
| Fecha de publicación, distribución, etc. | 2012 |
| 300 ## - DESCRIPCIÓN FÍSICA | |
| Extensión | 48, 47 páginas : |
| Otros detalles físicos | ilustraciones |
| 500 ## - NOTA GENERAL | |
| Nota general | Título de la portada adicional : Cuaderno de ciencias, tecnologías y narrativas de las culturas indígenas y migrantes : cuaderno del alumno : primaria ciclo II (3° y 4°) : educación primaria indígena y de la población migrante |
| 650 #4 - | |
| -- | Ciencias naturales |
| -- | Estudio y enseñanza (Elemental) |
| -- | 2812 |
| 650 #4 - | |
| -- | Indígenas de México |
| -- | Cultura |
| -- | 5206 |
| 902 ## - ELEMENTOS DE DATOS B LOCAL, LDB (RLIN) | |
| Creó | GCH181023 |
| Modificó | Víctor Ruiz/231123 |
| 942 ## - ELEMENTOS DE PUNTO DE ACCESO ADICIONAL (KOHA) | |
| Fuente del sistema de clasificación o colocación | Library of Congress Classification |
| Tipo de ítem Koha | Libro |
| Estado de retiro | Estado de pérdida | Fuente del sistema de clasificación o colocación | Estado dañado | No para préstamo | Código de colección | Localización permanente | Ubicación/localización actual | Ubicación en estantería | Fecha de adquisición | Signatura topográfica completa | Código de barras | Fecha visto por última vez | Precio válido a partir de | Tipo de ítem Koha | Número de copia |
|---|---|---|---|---|---|---|---|---|---|---|---|---|---|---|---|
| Library of Congress Classification | Disponible (Préstamo en sala) | Libros de texto gratuitos | Bib. Gregorio Torres Quintero | Bib. Gregorio Torres Quintero | Colecciones especiales Planta alta | 18/10/2023 | LB1585 M63 C65 2012 | 337593 | 18/10/2023 | 18/10/2023 | Libro | ||||
| Library of Congress Classification | Disponible (Préstamo en sala) | Libros de texto gratuitos | Bib. Gregorio Torres Quintero | Bib. Gregorio Torres Quintero | Colecciones especiales Planta alta | 18/10/2023 | LB1585 M63 C65 2012 | 337594 | 18/10/2023 | 18/10/2023 | Libro | Ej.2 | |||
| Library of Congress Classification | Disponible (Préstamo en sala) | Libros de texto gratuitos | Bib. Gregorio Torres Quintero | Bib. Gregorio Torres Quintero | Colecciones especiales Planta alta | 18/10/2023 | LB1585 M63 C65 2012 | 337595 | 18/10/2023 | 18/10/2023 | Libro | Ej.3 |
